Dr. Csatordai Antal, Hódmezővásárhely volt tanácselnöke 80 éves korában elhunyt
Elmentve itt :
| Dokumentumtípus: | Cikk |
|---|---|
| Megjelent: |
2000-05-31
|
| Sorozat: | Délmagyarország
90 No. 126 |
| Kulcsszavak: | Csatordai Antal, Hódmezővásárhely, Közigazgatás tanácselnök Hódmezővásárhely, Gyászjelentés Hódmezővásárhely |
| Online Access: | http://dmarchiv.bibl.u-szeged.hu/84130 |
| LEADER | 00570nab a2200145 i 4500 | ||
|---|---|---|---|
| 001 | delm84130 | ||
| 005 | 20191029092409.0 | ||
| 008 | 191029s2000 hu o 0|| hun d | ||
| 040 | |a SZTE Délmagyarország Archívum |b hun | ||
| 041 | |a hun | ||
| 245 | 0 | 0 | |a Dr. Csatordai Antal, Hódmezővásárhely volt tanácselnöke 80 éves korában elhunyt |h [elektronikus dokumentum] |
| 260 | |c 2000-05-31 | ||
| 300 | |a 13 | ||
| 490 | 0 | |a Délmagyarország |v 90 No. 126 | |
| 695 | |a Csatordai Antal, Hódmezővásárhely, Közigazgatás tanácselnök Hódmezővásárhely, Gyászjelentés Hódmezővásárhely | ||